000 00811nam a2200229Ii 4500
003 JO-AjNU
008 230605s9999||||xx |||||||||||||| ||und||
017 _a1992/9711
020 _a977-5344-41-7
040 _aJO-AjNU
_bara
_erda
_cJO-AjNU
041 _aara
050 1 4 _aPJ7692.F8 1993
100 3 _aتأليف هوجو،فكتور ؛ ترجمة وتقديم سمير سرحان,
_eauthor
_916514
245 0 0 _aالبؤساء: مسرحية موسيقية كلود مايكل شوبنرج - هربرت كرتنمر
250 _aط1
264 3 1 _aالكويت:دار سعاد الصباح،1993
300 _a190ص
336 _atext
_btxt
_2rdacontent
337 _aunmediated
_bn
_2rdamedia
338 _avolume
_bnc
_2rdacarrier
650 4 _aالقصص الفرنسية - قصص مترجمة
_916515
999 _aA4913
_c8481
_d8481